I am Albert Einstein / (Record no. 2646)

MARC details
000 -LEADER
fixed length control field 01595cam a22003257a 4500
005 - DATE AND TIME OF LATEST TRANSACTION
control field 20240108133300.0
020 ## - INTERNATIONAL STANDARD BOOK NUMBER
International Standard Book Number 9780545405751
020 ## - INTERNATIONAL STANDARD BOOK NUMBER
International Standard Book Number 0545405750
040 ## - CATALOGING SOURCE
Original cataloging agency BTCTA
Language of cataloging eng
Transcribing agency BTCTA
Modifying agency BDX
-- BKX
-- MUS
-- OCLCO
-- DLC
050 00 - LIBRARY OF CONGRESS CALL NUMBER
Classification number QC16.E5
Item number N67 2012
082 04 - DEWEY DECIMAL CLASSIFICATION NUMBER
Classification number 530/.092
-- B
Edition number 23
100 1# - MAIN ENTRY--PERSONAL NAME
Personal name Norwich, Grace
245 10 - TITLE STATEMENT
Title I am Albert Einstein /
Statement of responsibility, etc. by Grace Norwich ; illustrated by Ute Simon
246 30 - VARYING FORM OF TITLE
Title proper/short title Albert Einstein
250 ## - EDITION STATEMENT
Edition statement First printing, August 2012
260 ## - PUBLICATION, DISTRIBUTION, ETC.
Place of publication, distribution, etc. New York :
Name of publisher, distributor, etc. Scholastic,
Date of publication, distribution, etc. 2012
300 ## - PHYSICAL DESCRIPTION
Extent 112 p. :
Other physical details ill., map ;
Dimensions 19 cm.
505 ## - FORMATTED CONTENTS NOTE
Formatted contents note Z
520 ## - SUMMARY, ETC.
Summary, etc. A brand-new biography series featuring some of the most important people from history and today. I am one of the most gifted minds that ever lived. I am a Nobel Prize-winning physicist. I was expelled from school as a young child. I am Albert Einstein. Learn all about this brilliant man, whose accomplishments are truly remarkable in the debut of Scholastic's new biography series: I Am. The series will feature full-color illustrated covers, one-color illustrations throughout, a timeline, an introduction to the people you'll meet in the book, maps, sidebars, and a top ten list of important things to know at the end of every book.
521 ## - TARGET AUDIENCE NOTE
Target audience note 1050
Source Lexile
521 ## - TARGET AUDIENCE NOTE
Target audience note Z
Source Raz-Plus
650 #0 - SUBJECT ADDED ENTRY--TOPICAL TERM
Topical term or geographic name entry element Physicists
Form subdivision Biography
-- Juvenile literature.
650 #0 - SUBJECT ADDED ENTRY--TOPICAL TERM
Topical term or geographic name entry element Jews
Form subdivision Biography
-- Juvenile literature.
650 #1 - SUBJECT ADDED ENTRY--TOPICAL TERM
Topical term or geographic name entry element Physicists.
650 #1 - SUBJECT ADDED ENTRY--TOPICAL TERM
Topical term or geographic name entry element Jews
Form subdivision Biography.
700 1# - ADDED ENTRY--PERSONAL NAME
Personal name Simon, Ute
Relator term illustrator
906 ## - LOCAL DATA ELEMENT F, LDF (RLIN)
a 7
b cbc
c copycat
d 2
e ncip
f 20
g y-gencatlg
942 ## - ADDED ENTRY ELEMENTS (KOHA)
Source of classification or shelving scheme Dewey Decimal Classification
Koha item type Books
Suppress in OPAC No
999 ## -
-- 2646
-- 2646
Holdings
Withdrawn status Lost status Source of classification or shelving scheme Damaged status Not for loan Collection Home library Current library Shelving location Date acquired Total Checkouts Full call number Barcode Date last seen Copy number Price effective from Koha item type
    Dewey Decimal Classification     Non-Fiction Footprints International School Library Network Toul Kork Campus Footprints International School Library Network Toul Kork Campus TTP Secondary Non-Fiction Bookshelves 06/07/2024   NOR 530/.092 QC16.E5 2024-0840 06/07/2024 2 06/07/2024 Books
    Dewey Decimal Classification     Non-Fiction Footprints International School Library Network Toul Tom Poung Campus Footprints International School Library Network Toul Tom Poung Campus TTP Secondary Non-Fiction Bookshelves 01/08/2024   NOR 530/.092 QC16.E5 FISSE01714 01/08/2024 1 01/08/2024 Books